01125nab a22002657a 4500999001500000003000400015005001700019008004100036040000700077100002900084245008700113260007200200300001500272500003900287505009900326505008900425650002600514650002800540650002800568650003300596650004000629650003400669773014300703942001300846 c6045d6045OSt20260118214848.0190605e xxu||||| |||| 00| 0 spa d cPJ 94574aGabet, Emiliano A.10aReparación integral del daño moral por violencia laboral /cEmiliano A. Gabet. aCiudad Autónoma de Buenos Aires :bThomson Reuters La Ley,c2025. ap. 128-130 aCita: TR LALEY AR/DOC/2672/2025.  aFallo comentado: CNTrab., sala II ~ 09/09/2025 ~ R., D. H. c. LYM MG S.A. y otro s/ despido. t¿Te interesa el texto completo? Solicitalo al correo: koha@justierradelfuego.gov.ar 091316aDERECHO LABORAL 095130aVIOLENCIA LABORAL 093328aDAÑO PSÍQUICO 0aDISCRIMINACION LABORAL91577 0aRESPONSABILIDAD DEL EMPLEADOR96564 0aDERECHOS DEL TRABAJADOR915700 0271193168dCiudad Autónoma de Buenos Aires : Thomson Reuters La Ley, 1999-2002.tRevista de derecho del trabajo. Nº 6 - Noviembre 2025 2udccANA